[Event "AUT9798"]
[Site "Graz"]
[Date "1998.01.24"]
[Round "7"]
[White "Plank, F."]
[Black "Herndl, H."]
[Result "0-1"]
[WhiteElo "2260"]
[BlackElo "2365"]
[PlyCount "58"]
[EventDate "1997.10.11"]

1. d4 d5 2. Nf3 e6 3. Nbd2 Nf6 4. e3 Bd6 5. Bd3 O-O 6. O-O c5 7. dxc5 Bxc5 8.
c3 Nc6 9. a3 a5 10. a4 e5 11. e4 Bg4 12. Qe2 Kh8 13. h3 Bh5 14. exd5 Nxd5 15.
Nb3 Bd6 16. Qe4 Nf6 17. Qh4 Be7 18. Be2 e4 19. Nfd4 Bxe2 20. Nxe2 Qd5 21. Nbd4
Nh5 22. Qg4 Ne5 23. Nf4 Nxf4 24. Qxf4 f5 25. Nxf5 Rxf5 26. Qxf5 Nf3+ 27. Qxf3
exf3 28. Be3 fxg2 29. Rfd1 Qf3 0-1

[Event "AUT9798"]
[Site "Graz"]
[Date "1998.01.24"]
[Round "7"]
[White "Stajcic, N."]
[Black "Schneider-Zinner, H."]
[Result "0-1"]
[WhiteElo "2315"]
[BlackElo "2265"]
[PlyCount "108"]
[EventDate "1997.10.11"]

1. d4 e6 2. Nf3 Nf6 3. c4 Bb4+ 4. Bd2 Qe7 5. g3 Nc6 6. Bg2 Bxd2+ 7. Nbxd2 d6 8.
e4 e5 9. d5 Nb8 10. O-O a5 11. Ne1 h5 12. h3 h4 13. g4 Nbd7 14. Nd3 g5 15. Qc2
b6 16. b3 Nf8 17. a3 Ng6 18. b4 O-O 19. c5 Ba6 20. Nc4 Nd7 21. cxd6 cxd6 22.
Ne3 Nf4 23. Nf5 Qd8 24. Nxf4 Bxf1 25. Nxd6 exf4 26. Rxf1 axb4 27. axb4 Ne5 28.
Nf5 Rc8 29. Qd2 Rc4 30. Rc1 Qc7 31. Rxc4 Qxc4 32. Qb2 f6 33. Ne7+ Kf7 34. Nf5
Kg8 35. Qa3 Qc7 36. b5 Re8 37. Nd4 Qc5 38. Qa1 Rc8 39. Nc6 Re8 40. Bf1 Nf3+ 41.
Kg2 Ne5 42. Qa2 Kg7 43. Qa7+ Kg6 44. Qc7 f3+ 45. Kg1 Kh6 46. Qa7 Ng6 47. Qa4
Nf4 48. Nd4 Kg6 49. Nxf3 Qc3 50. Bg2 Nxh3+ 51. Kh2 Nxf2 52. e5 h3 53. Qa2 Nxg4+
54. Kxh3 Nxe5 0-1

[Event "AUT9798"]
[Site "Graz"]
[Date "1998.01.24"]
[Round "7"]
[White "Stuhlik, M."]
[Black "Fahrner, K."]
[Result "1/2-1/2"]
[WhiteElo "2225"]
[BlackElo "2325"]
[PlyCount "28"]
[EventDate "1997.10.11"]

1. Nf3 g6 2. c4 Bg7 3. Nc3 d6 4. g3 Nc6 5. d4 Bg4 6. d5 Bxf3 7. exf3 Bxc3+ 8.
bxc3 Ne5 9. f4 Nd7 10. f5 Nc5 11. h4 gxf5 12. Qd4 Nf6 13. Bg5 Qd7 14. Bh3 O-O-O
1/2-1/2

[Event "AUT9798"]
[Site "Graz"]
[Date "1998.01.24"]
[Round "7"]
[White "Loebler, H."]
[Black "Hadjieff, D."]
[Result "1-0"]
[WhiteElo "2255"]
[BlackElo "2215"]
[PlyCount "161"]
[EventDate "1997.10.11"]

1. d4 c6 2. c4 d6 3. Nc3 Nd7 4. Nf3 e5 5. g3 Ngf6 6. Bg2 Be7 7. O-O Qc7 8. e4
Nf8 9. Nh4 g6 10. d5 Ng4 11. h3 Nf6 12. Bh6 Bd7 13. Qf3 Rg8 14. Rfd1 Qc8 15.
dxc6 bxc6 16. Bg5 Nh5 17. Bxe7 Kxe7 18. c5 dxc5 19. Na4 Ne6 20. Nxc5 Nxc5 21.
Qa3 Re8 22. Qxc5+ Kf6 23. Qd6+ Be6 24. Nf3 Kg7 25. Qxe5+ Kg8 26. Qc3 Bxh3 27.
e5 Bxg2 28. Kxg2 Rb8 29. b3 c5 30. Rac1 Rb6 31. Qe3 Rc6 32. Qh6 f6 33. exf6
Rxf6 34. Rc3 Ref8 35. Rdd3 Qg4 36. Rc4 Qc8 37. Qg5 Qb7 38. Rcc3 Rf5 39. Qg4 Nf6
40. Qc4+ Kh8 41. Qe6 Ne4 42. Rd7 Qa8 43. Qe7 R5f7 44. Qe5+ Rf6 45. Qe7 R6f7 46.
Qe5+ Rf6 47. Re3 Ng5 48. Qxg5 Rxf3 49. Qe5+ R3f6+ 50. Kg1 Kg8 51. Qe7 R6f7 52.
Qe6 Kg7 53. Qe5+ Kg8 54. Rxf7 Rxf7 55. Qe8+ Qxe8 56. Rxe8+ Rf8 57. Re5 Rf5 58.
Re7 Rf7 59. Re8+ Rf8 60. Re5 Rf5 61. Re6 c4 62. bxc4 Ra5 63. Re2 Kf7 64. Kf1
Ra4 65. Rc2 Ke7 66. Ke2 Kd6 67. c5+ Kc6 68. Kd3 h5 69. Ke3 g5 70. f4 Ra3+ 71.
Ke4 Rxg3 72. f5 Rg4+ 73. Ke5 Rg1 74. Rh2 h4 75. Kf6 Kxc5 76. Kg6 g4 77. Rxh4 g3
78. Rg4 Kd6 79. f6 Ke6 80. Kg7 g2 81. f7 1-0

[Event "AUT9798"]
[Site "Graz"]
[Date "1998.01.24"]
[Round "7"]
[White "Chernin, A."]
[Black "Almasi, Z."]
[Result "1/2-1/2"]
[WhiteElo "2640"]
[BlackElo "2615"]
[PlyCount "62"]
[EventDate "1997.10.11"]

1. d4 Nf6 2. c4 e6 3. Nf3 b6 4. g3 Ba6 5. b3 Bb4+ 6. Bd2 Be7 7. Bg2 c6 8. Bc3
d5 9. Ne5 Nbd7 10. Nxd7 Nxd7 11. Nd2 O-O 12. O-O Rc8 13. e4 b5 14. Re1 dxc4 15.
bxc4 bxc4 16. Qa4 Bb5 17. Qc2 Re8 18. Red1 Bf8 19. Bf1 c5 20. d5 exd5 21. exd5
Nb6 22. a4 Ba6 23. Nf3 f6 24. Ba5 Rb8 25. Rab1 Qd7 26. Bxb6 Rxb6 27. Rxb6 axb6
28. Nd2 Qxd5 29. Bxc4 Bxc4 30. Qxc4 Qxc4 31. Nxc4 Ra8 1/2-1/2

[Event "AUT9798"]
[Site "Graz"]
[Date "1998.01.24"]
[Round "7"]
[White "Nielsen, P. H."]
[Black "Kindermann, S."]
[Result "1/2-1/2"]
[WhiteElo "2515"]
[BlackElo "2570"]
[PlyCount "50"]
[EventDate "1997.10.11"]

1. d4 f5 2. Bg5 g6 3. Nd2 Bg7 4. e3 Nf6 5. f4 c5 6. c3 b6 7. Ngf3 Bb7 8. Bxf6
Bxf6 9. Bd3 d5 10. Qe2 e6 11. O-O O-O 12. g4 Nc6 13. gxf5 exf5 14. Ne5 Bxe5 15.
dxe5 Nxe5 16. fxe5 Qg5+ 17. Kf2 Qh4+ 18. Kg1 Qg5+ 19. Kf2 f4 20. e4 f3 21. Qe3
Qh4+ 22. Kg1 Qg4+ 23. Kf2 Qh4+ 24. Kg1 Qg4+ 25. Kf2 Qh4+ 1/2-1/2

[Event "AUT9798"]
[Site "Graz"]
[Date "1998.01.24"]
[Round "7"]
[White "Stanec, N."]
[Black "Poldauf, D."]
[Result "0-1"]
[WhiteElo "2465"]
[BlackElo "2455"]
[PlyCount "84"]
[EventDate "1997.10.11"]

1. d4 Nf6 2. c4 g6 3. Nc3 Bg7 4. e4 d6 5. Be2 O-O 6. Nf3 e5 7. O-O Nc6 8. Be3
Ng4 9. Bg5 Qe8 10. dxe5 h6 11. Bd2 dxe5 12. h3 Nf6 13. Be3 Qe7 14. Nd5 Qd8 15.
Nxf6+ Qxf6 16. c5 Nb8 17. Qc1 Kh7 18. Rd1 Nc6 19. Rd3 Qe7 20. Rd1 f5 21. Bf1 f4
22. Bd2 g5 23. Be2 h5 24. h4 gxh4 25. Kh2 Nd4 26. Nxd4 exd4 27. e5 f3 28. Bd3+
Bf5 29. Bxf5+ Rxf5 30. Qc2 Qxe5+ 31. Kg1 Qxc5 32. Qd3 Qb5 33. Qc2 fxg2 34. Re1
Raf8 35. Re7 Kh8 36. f4 Bf6 37. Rxc7 d3 38. Qb3 Qxb3 39. axb3 h3 40. Kh2 Bxb2
41. Re1 Bd4 42. Rxb7 Rg8 0-1

[Event "AUT9798"]
[Site "Graz"]
[Date "1998.01.24"]
[Round "7"]
[White "Baumegger, S."]
[Black "Felsberger, A."]
[Result "1/2-1/2"]
[WhiteElo "2485"]
[BlackElo "2375"]
[PlyCount "65"]
[EventDate "1997.10.11"]

1. d4 Nf6 2. Nf3 e6 3. g3 b6 4. Bg2 Bb7 5. c4 Be7 6. O-O O-O 7. Nc3 Ne4 8. Bd2
Bf6 9. Rc1 d6 10. d5 Bxc3 11. Bxc3 Nxc3 12. Rxc3 e5 13. e4 Nd7 14. Ne1 Qe7 15.
Qc2 a5 16. Nd3 Bc8 17. Bh3 g6 18. Qe2 Re8 19. b3 Nc5 20. Bxc8 Raxc8 21. f3 Ra8
22. Rcc1 Qg5 23. Rce1 Re7 24. Kg2 Rae8 25. h4 Qh6 26. Rh1 f5 27. Nxc5 bxc5 28.
h5 Qg5 29. hxg6 hxg6 30. Rh4 Rh7 31. Rxh7 Kxh7 32. exf5 gxf5 33. f4 1/2-1/2

[Event "AUT9798"]
[Site "Graz"]
[Date "1998.01.24"]
[Round "7"]
[White "Watzka, H."]
[Black "Freitag, M."]
[Result "1/2-1/2"]
[WhiteElo "2370"]
[BlackElo "2390"]
[PlyCount "118"]
[EventDate "1997.10.11"]

1. e4 c6 2. d4 d5 3. Nd2 dxe4 4. Nxe4 Nd7 5. Nf3 Ngf6 6. Nxf6+ Nxf6 7. Bc4 Bf5
8. O-O e6 9. c3 Bd6 10. Qe2 Qc7 11. Ne5 Bxe5 12. dxe5 Nd7 13. f4 Nb6 14. Bd3
Bxd3 15. Qxd3 g6 16. Be3 Nd7 17. Rad1 O-O-O 18. Qe4 Nb6 19. Bc5 Nd5 20. Bf2 h5
21. Qa4 b5 22. Qe4 h4 23. c4 bxc4 24. Qxc4 h3 25. g3 Qb7 26. Rc1 Kd7 27. Qc5
Rc8 28. b3 Rhd8 29. Rc4 a6 30. f5 exf5 31. Rh4 Ke6 32. Rxh3 Qb5 33. Qc1 Qd3 34.
Qg5 Rh8 35. Rxh8 Rxh8 36. Rc1 Rc8 37. Qh4 Qe4 38. Qg5 Qg4 39. Qd2 Qf3 40. Rc4
Kxe5 41. Bc5 Ke6 42. Qe1+ Kd7 43. Qe5 Rc7 44. Rc1 Qe4 45. Qd6+ Kc8 46. Kf2 Kb7
47. Re1 Qc2+ 48. Re2 Qd1 49. Re1 Qg4 50. Re8 f4 51. Qf8 fxg3+ 52. hxg3 Qf5+ 53.
Kg2 Rc8 54. Rxc8 Qxc8 55. Qxf7+ Qc7 56. Qxg6 Qe5 57. Qc2 Nc3 58. Bf2 Qd5+ 59.
Kg1 Qf3 1/2-1/2

[Event "AUT9798"]
[Site "Graz"]
[Date "1998.01.24"]
[Round "7"]
[White "Postl, A."]
[Black "Wittmann, W."]
[Result "1/2-1/2"]
[WhiteElo "2275"]
[BlackElo "2405"]
[PlyCount "34"]
[EventDate "1997.10.11"]

1. Nf3 c5 2. g3 g6 3. Bg2 Bg7 4. O-O Nc6 5. e4 d6 6. c3 e5 7. d3 Nge7 8. a4 O-O
9. Nh4 d5 10. f4 dxe4 11. dxe4 Qxd1 12. Rxd1 b6 13. Be3 Bg4 14. Re1 Rad8 15.
Nd2 exf4 16. gxf4 Na5 17. Bf1 Be6 1/2-1/2

[Event "AUT9798"]
[Site "Graz"]
[Date "1998.01.24"]
[Round "7"]
[White "Duer, A."]
[Black "Penz, H."]
[Result "1/2-1/2"]
[WhiteElo "2405"]
[BlackElo "2390"]
[PlyCount "60"]
[EventDate "1997.10.11"]

1. Nf3 Nf6 2. c4 e6 3. g3 d5 4. b3 Be7 5. Bg2 O-O 6. O-O Nbd7 7. Bb2 b6 8. Nc3
Bb7 9. Rc1 Rc8 10. d4 c5 11. cxd5 Nxd5 12. Nxd5 Bxd5 13. Qd2 Bf6 14. Rfd1 Qe7
15. Ba3 Rfd8 16. Qf4 e5 17. dxe5 Nxe5 18. Nxe5 Bxe5 19. Qf5 g6 20. Qc2 Bxg2 21.
Kxg2 Bf6 22. Bb2 Bxb2 23. Qxb2 Rd6 24. Rxd6 Qxd6 25. Rc3 Qd5+ 26. f3 Qe5 27.
Qd2 Re8 28. Kf2 Kg7 29. Rd3 Re7 30. Rd5 Qa1 1/2-1/2

[Event "AUT9798"]
[Site "Graz"]
[Date "1998.01.24"]
[Round "7"]
[White "Dueckstein, A."]
[Black "Duer, W."]
[Result "0-1"]
[WhiteElo "2330"]
[BlackElo "2330"]
[PlyCount "82"]
[EventDate "1997.10.11"]

1. e4 c6 2. d4 d5 3. Nc3 dxe4 4. Nxe4 Nd7 5. Bc4 Ngf6 6. Ng5 e6 7. Qe2 Nb6 8.
Bb3 h6 9. N5f3 c5 10. dxc5 Bxc5 11. Ne5 O-O 12. Ngf3 Nbd7 13. Bd2 Qc7 14. O-O-O
Nxe5 15. Nxe5 b5 16. Bf4 Qb7 17. f3 a5 18. a4 bxa4 19. Bxa4 Ra6 20. Qc4 Qb6 21.
Rd3 Nd5 22. Rb3 Qa7 23. Nc6 Rxc6 24. Bxc6 Ba6 25. Bb5 Bb7 26. Bd2 Nb4 27. Qg4
Kh8 28. Re1 Rc8 29. Kb1 Bd5 30. c4 Ba8 31. Bc3 Bf8 32. Rd1 Qf2 33. Rxb4 axb4
34. Be5 b3 35. Rc1 Qe2 36. Qf4 Qd3+ 37. Ka1 Bb7 38. Ba4 Ra8 39. c5 Qa6 40. Rc4
Bd5 41. Rb4 Qf1+ 0-1

[Event "AUT9798"]
[Site "Graz"]
[Date "1998.01.24"]
[Round "7"]
[White "Laube, B."]
[Black "Bawart, M."]
[Result "1-0"]
[WhiteElo "2280"]
[BlackElo "2325"]
[PlyCount "96"]
[EventDate "1997.10.11"]

1. Nf3 d5 2. c4 e6 3. e3 Nf6 4. b3 c5 5. Bb2 Nc6 6. Be2 Be7 7. O-O O-O 8. d3 a6
9. d4 dxc4 10. bxc4 cxd4 11. exd4 b5 12. cxb5 axb5 13. Bxb5 Qb6 14. Qb3 Ba6 15.
a4 Rfb8 16. Na3 Bxb5 17. Nxb5 Nd5 18. Rfe1 Na7 19. Ne5 Nxb5 20. axb5 Rxa1 21.
Rxa1 f6 22. Nc4 Qxb5 23. Qxb5 Rxb5 24. g3 Nb6 25. Ba3 Bxa3 26. Nxa3 Rd5 27. Rb1
Nd7 28. Rb4 h5 29. h4 Kf7 30. Nc2 g5 31. hxg5 fxg5 32. f3 Kf6 33. Kf2 Ra5 34.
Ne3 Ra2+ 35. Kf1 Ra5 36. Rb7 Nf8 37. Ke2 Ra2+ 38. Kd3 Rh2 39. Ke4 Re2 40. Kd3
Re1 41. Nc4 Ng6 42. Nd6 Ne7 43. Ne4+ Kf7 44. Nxg5+ Kg6 45. Kd2 Rg1 46. Nxe6 Kf6
47. Nf4 Nf5 48. Nxh5+ Kg5 1-0

[Event "AUT9798"]
[Site "Graz"]
[Date "1998.01.24"]
[Round "7"]
[White "Janetschek, K."]
[Black "Gerhold, M."]
[Result "1/2-1/2"]
[WhiteElo "2305"]
[BlackElo "2270"]
[PlyCount "122"]
[EventDate "1997.10.11"]

1. e4 c5 2. Nf3 Nc6 3. d4 cxd4 4. Nxd4 Nf6 5. Nc3 e5 6. Ndb5 d6 7. Bg5 a6 8.
Na3 b5 9. Nd5 Be7 10. Bxf6 Bxf6 11. c3 Bb7 12. Nc2 Nb8 13. g3 Nd7 14. Nce3 O-O
15. h4 Nb6 16. Qd3 Rc8 17. Rd1 Bxd5 18. Nxd5 Nxd5 19. Qxd5 Qa5 20. a3 Be7 21.
Bd3 Qb6 22. Bb1 a5 23. O-O Ra8 24. Rd3 Ra7 25. Ba2 Rd7 26. Rfd1 Bd8 27. Qb3 a4
28. Qb4 Be7 29. Rd5 Rb7 30. R1d2 Rc8 31. Kg2 h5 32. c4 bxc4 33. Qxa4 Ra7 34.
Qd1 g6 35. Qf3 Kg7 36. Rc2 Rac7 37. Rd1 Bf8 38. Rdc1 Qd4 39. Rc3 d5 40. exd5 e4
41. Qd1 Qe5 42. Rxc4 Rxc4 43. Rxc4 Rxc4 44. Bxc4 Qxb2 45. d6 e3 46. Qf3 Bxd6
47. Qxe3 Qb7+ 48. Kh2 Qc7 49. Qd4+ Kh7 50. a4 Qc5 51. Qxc5 Bxc5 52. Bxf7 Bxf2
53. a5 Kg7 54. Be8 Kh6 55. Kg2 Ba7 56. Kf3 g5 57. Ke4 gxh4 58. gxh4 Bg1 59. Kd5
Bf2 60. a6 Bg1 61. Kc6 Bf2 1/2-1/2

[Event "AUT9798"]
[Site "Graz"]
[Date "1998.01.24"]
[Round "7"]
[White "Hoelzl, F."]
[Black "Groszpeter, A."]
[Result "0-1"]
[WhiteElo "2440"]
[BlackElo "2530"]
[PlyCount "56"]
[EventDate "1997.10.11"]

1. Nf3 d5 2. c4 d4 3. g3 c5 4. Bg2 Nc6 5. O-O e5 6. e3 Nf6 7. exd4 exd4 8. d3
Be7 9. Bf4 O-O 10. Ne5 Nxe5 11. Bxe5 Ng4 12. Bf4 Bd6 13. Bxd6 Qxd6 14. Nd2 Ne5
15. Re1 Bf5 16. Ne4 Qc7 17. h3 Rae8 18. f4 Nd7 19. Qf3 Bxe4 20. dxe4 f6 21. a3
Re7 22. Bf1 g5 23. h4 Rg7 24. Kf2 Ne5 25. Qh5 gxf4 26. gxf4 Nd3+ 27. Bxd3 Qxf4+
28. Qf3 Qh2+ 0-1

[Event "AUT9798"]
[Site "Graz"]
[Date "1998.01.24"]
[Round "7"]
[White "Volke, K."]
[Black "Horvath, C."]
[Result "1/2-1/2"]
[WhiteElo "2455"]
[BlackElo "2530"]
[PlyCount "49"]
[EventDate "1997.10.11"]

1. d4 d5 2. c4 c6 3. Nf3 Nf6 4. Nc3 e6 5. cxd5 exd5 6. Qc2 Be7 7. Bg5 g6 8. e4
dxe4 9. Bxf6 Bxf6 10. Qxe4+ Kf8 11. Bc4 Kg7 12. O-O Re8 13. Qf4 Be6 14. Bxe6
Rxe6 15. Rfe1 Qd6 16. Qg4 Rxe1+ 17. Rxe1 Nd7 18. Ne4 Qd5 19. Nc3 Qd6 20. Ne4
Qc7 21. Ng3 Rd8 22. h4 Qa5 23. a3 h5 24. Qf4 Nb6 25. Qc7 1/2-1/2

[Event "AUT9798"]
[Site "Graz"]
[Date "1998.01.24"]
[Round "7"]
[White "Titz, H."]
[Black "Schlosser, M."]
[Result "0-1"]
[WhiteElo "2285"]
[BlackElo "2350"]
[PlyCount "110"]
[EventDate "1997.10.11"]

1. c4 e5 2. Nc3 d6 3. g3 Nc6 4. Bg2 f5 5. e3 Nf6 6. Nge2 g6 7. d4 Bg7 8. b3 O-O
9. Bb2 e4 10. Nf4 g5 11. Nfd5 Nxd5 12. Nxd5 Be6 13. Qd2 Bxd5 14. cxd5 Ne7 15.
f3 Nxd5 16. fxe4 fxe4 17. Bxe4 c6 18. O-O-O Qe7 19. Bg2 Nxe3 20. Rde1 Rae8 21.
Re2 g4 22. h3 Bh6 23. hxg4 Bg5 24. Rh5 h6 25. d5 Nxg2 26. Rxg5+ Qxg5 27. Qxg5+
hxg5 28. Rxg2 c5 29. Rh2 Re7 30. Rh8+ Kf7 31. Rh6 Re2 32. Bf6 Rxa2 33. Bb2 Ke7
34. Kb1 Ra6 35. Re6+ Kd7 36. Rg6 Rf1+ 37. Bc1 Rb6 38. Rg7+ Ke8 39. Kc2 Rf2+ 40.
Bd2 Rb4 41. Kc1 Rxb3 42. Bxg5 Rxg3 43. Re7+ Kf8 44. Re1 Rxg4 45. Be7+ Kf7 46.
Bxd6 Rgg2 47. Re7+ Kg6 48. Re6+ Rf6 49. Bxc5 Rxe6 50. dxe6 a5 51. Bb6 a4 52.
Bc5 b5 53. Kb1 Re2 54. e7 Kf7 55. Ka1 Rxe7 0-1

[Event "AUT9798"]
[Site "Graz"]
[Date "1998.01.24"]
[Round "7"]
[White "Danner, G."]
[Black "Steflitsch, E."]
[Result "1-0"]
[WhiteElo "2415"]
[BlackElo "2305"]
[PlyCount "113"]
[EventDate "1997.10.11"]

1. d4 Nf6 2. Nf3 c5 3. d5 d6 4. c4 b5 5. cxb5 a6 6. bxa6 Bxa6 7. Nc3 g6 8. e4
Bxf1 9. Kxf1 Bg7 10. g3 Nbd7 11. Kg2 O-O 12. Re1 Qb6 13. Re2 Rfb8 14. Bg5 h6
15. Bxf6 Bxf6 16. Qd3 Qa6 17. Qxa6 Rxa6 18. Rc1 Rba8 19. Rcc2 g5 20. h3 Ne5 21.
Nxe5 Bxe5 22. a3 Rb6 23. Nd1 Bd4 24. Ne3 Bxe3 25. Rxe3 Rab8 26. a4 Rxb2 27.
Rxb2 Rxb2 28. Ra3 c4 29. a5 Rb3 30. Ra1 c3 31. a6 Rb8 32. Kf3 c2 33. Rc1 Rb2
34. Kg4 Kg7 35. Kf5 Ra2 36. f4 Rxa6 37. Rxc2 Ra3 38. Rg2 Rf3 39. h4 gxh4 40.
gxh4+ Kf8 41. Ra2 e5 42. dxe6 fxe6+ 43. Kxe6 Rxf4 44. Re2 Rxh4 45. Kxd6 Ke8 46.
Ke6 Rf4 47. e5 Rf7 48. Ra2 Re7+ 49. Kf6 Rf7+ 50. Kg6 Re7 51. Ra8+ Kd7 52. Kf6
Re6+ 53. Kf5 Rb6 54. e6+ Ke7 55. Ra7+ Kd6 56. Rd7+ Kc6 57. Rd8 1-0

[Event "AUT9798"]
[Site "Graz"]
[Date "1998.01.24"]
[Round "7"]
[White "Schumi, M."]
[Black "Frosch, E."]
[Result "1-0"]
[WhiteElo "2245"]
[BlackElo "2310"]
[PlyCount "106"]
[EventDate "1997.10.11"]

1. e4 e5 2. Nf3 Nc6 3. Bb5 a6 4. Ba4 Nf6 5. d4 exd4 6. O-O Be7 7. Re1 O-O 8. e5
Nd5 9. Nxd4 Nxd4 10. Qxd4 Nb6 11. Nc3 Nxa4 12. Qxa4 d5 13. exd6 Bxd6 14. Bf4
Bd7 15. Qd4 Bc6 16. Rad1 Re8 17. Rxe8+ Qxe8 18. Bxd6 Rd8 19. Qe5 cxd6 20. Qxe8+
Rxe8 21. f3 Re6 22. Kf2 Kf8 23. Ne2 Rf6 24. Nd4 Bd7 25. Rd3 Ke7 26. Rb3 Bc8 27.
Rc3 Kd8 28. Ke3 Rg6 29. g3 h5 30. Rd3 Kc7 31. Rc3+ Kd8 32. Rd3 Kc7 33. Kf2 Rf6
34. h4 Bd7 35. Rc3+ Kd8 36. Re3 Rg6 37. Ne2 Bc6 38. Nf4 Rh6 39. Rd3 Kd7 40. c4
Kc7 41. Ke3 Rh8 42. Kd4 g6 43. Re3 Kd7 44. Nd5 Bxd5 45. Kxd5 Rc8 46. b4 b6 47.
f4 a5 48. a3 axb4 49. axb4 Ra8 50. f5 Ra1 51. fxg6 fxg6 52. Rf3 Rd1+ 53. Ke4
Ke6 1-0

[Event "AUT9798"]
[Site "Graz"]
[Date "1998.01.24"]
[Round "7"]
[White "Kotz, H. P."]
[Black "Pilaj, H."]
[Result "1/2-1/2"]
[WhiteElo "2275"]
[BlackElo "2210"]
[PlyCount "235"]
[EventDate "1997.10.11"]

1. e4 c5 2. Nf3 Nc6 3. d4 cxd4 4. Nxd4 Nf6 5. Nc3 d6 6. Bc4 Qb6 7. Nb3 e6 8.
O-O Be7 9. Be3 Qc7 10. f4 O-O 11. Bd3 a6 12. a4 b6 13. Qf3 Rb8 14. Rae1 Nb4 15.
Qg3 Nxd3 16. cxd3 Rd8 17. Bd4 Bb7 18. Rc1 Qd7 19. Bxb6 Re8 20. Bd4 Bc6 21. Na5
Bxa4 22. Nxa4 Qxa4 23. Nc6 Kh8 24. Rc4 Qb5 25. Nxb8 Qxb8 26. Rfc1 Bf8 27. Qf2
d5 28. Rc6 dxe4 29. Bxf6 e3 30. Qxe3 gxf6 31. Qd4 Bg7 32. Qd7 Rf8 33. Rc8 Qxf4
34. Qb7 f5 35. Qxa6 Qd4+ 36. Kh1 Qxb2 37. Rxf8+ Bxf8 38. Qa1 Qxa1 39. Rxa1 Bc5
40. g3 Kg7 41. Kg2 Kg6 42. Kf3 Bd4 43. Ra4 e5 44. Ra6+ f6 45. Rd6 Bc5 46. Rd7
Bg1 47. h3 h5 48. Rc7 Bd4 49. Rc2 Bb6 50. Re2 Kg5 51. Rg2 Bd4 52. Rc2 Kg6 53.
Rc8 Bb6 54. Rg8+ Kf7 55. Rb8 Bg1 56. g4 fxg4+ 57. hxg4 hxg4+ 58. Kxg4 Ke6 59.
Re8+ Kf7 60. Ra8 Kg6 61. Ra6 Bd4 62. Rc6 Be3 63. Kf3 Bg5 64. Ke4 Bd2 65. Rc2
Bg5 66. Rg2 Kf7 67. Kf5 Ke7 68. Ra2 Kd6 69. Ra5 Bh4 70. Ke4 Bg5 71. Ra6+ Kc5
72. Ra8 Kd6 73. Rh8 Ke6 74. Re8+ Kd6 75. Rc8 Kd7 76. Rc5 Kd6 77. Ra5 Bh4 78.
Ra4 Bg5 79. d4 exd4 80. Rxd4+ Ke6 81. Rd5 f5+ 82. Rxf5 Be7 83. Ra5 Bd6 84. Ra6
Kd7 85. Kd5 Bb8 86. Rb6 Kc7 87. Rg6 Kb7 88. Rg2 Ka8 89. Ra2+ Ba7 90. Kc6 Kb8
91. Rg2 Ka8 92. Rb2 Bb8 93. Kb6 Ba7+ 94. Ka6 Bd4 95. Rd2 Ba7 96. Rd8+ Bb8 97.
Rd7 Be5 98. Ra7+ Kb8 99. Re7 Bd6 100. Rd7 Be5 101. Kb6 Ka8 102. Ra7+ Kb8 103.
Re7 Bd4+ 104. Ka6 Bf2 105. Re8+ Kc7 106. Rg8 Be3 107. Kb5 Bf2 108. Rg7+ Kd6
109. Kc4 Kc6 110. Rg6+ Kb7 111. Rg8 Be3 112. Kb5 Ba7 113. Rh8 Bd4 114. Rh7+ Ka8
115. Ka6 Be5 116. Ra7+ Kb8 117. Rf7 Ka8 118. Kb6 1/2-1/2

[Event "AUT9798"]
[Site "Graz"]
[Date "1998.01.24"]
[Round "7"]
[White "Hickl, J."]
[Black "Moser, G."]
[Result "1/2-1/2"]
[WhiteElo "2565"]
[BlackElo "2355"]
[PlyCount "148"]
[EventDate "1997.10.11"]

1. g3 g6 2. Bg2 Bg7 3. c4 f5 4. Nc3 Nf6 5. Nf3 O-O 6. O-O Nc6 7. Rb1 e5 8. d3
a5 9. a3 h6 10. b4 axb4 11. axb4 Qe7 12. b5 Nd4 13. Nd2 Kh7 14. Bb2 f4 15. Nce4
c5 16. Nxf6+ Bxf6 17. Ne4 Bg7 18. Bxd4 exd4 19. Ra1 Rb8 20. Qd2 b6 21. Ra7 Be5
22. Rfa1 Kh8 23. Qe1 Bb7 24. Nd2 Bxg2 25. Kxg2 Qe6 26. Ne4 Qf5 27. f3 Qe6 28.
R1a6 Qe7 29. Qa1 Qe8 30. g4 Kg8 31. Kf1 Kg7 32. Ke1 Kg8 33. Kd2 Kg7 34. Qf1 Rf7
35. Qb1 Rf8 36. h4 Rf7 37. g5 h5 38. Qh1 Qc8 39. Qh3 Qe8 40. Kc2 Kh7 41. Kd1
Kg7 42. Ke1 Qc8 43. Kf2 Qe8 44. Ra2 Qc8 45. Qf1 Qe8 46. Qa1 Rf8 47. Qd1 Qe6 48.
Kg2 Qe8 49. Qa4 Qe6 50. Qa6 Kf7 51. Rb7 Ke7 52. Rxb8 Rxb8 53. Qa7 Qg8 54. Ra6
Qd8 55. Nxc5 bxc5 56. Qxc5+ d6 57. Ra7+ Kf8 58. Qd5 Qe8 59. Kf1 Rb6 60. Ra6 Rb8
61. b6 Qf7 62. Ra8 Rxa8 63. Qxa8+ Qe8 64. b7 d5 65. cxd5 Qb8 66. Qa6 Kg7 67.
Qe6 Qc7 68. Kf2 Bd6 69. Qc8 Be5 70. Kf1 Bd6 71. Kg2 Qe7 72. Kf2 Qc7 73. Qe6 Be5
74. Kg2 Kh7 1/2-1/2

[Event "AUT9798"]
[Site "Graz"]
[Date "1998.01.24"]
[Round "7"]
[White "Casagrande, H."]
[Black "Atlas, V."]
[Result "1-0"]
[WhiteElo "2345"]
[BlackElo "2455"]
[PlyCount "122"]
[EventDate "1997.10.11"]

1. d4 Nf6 2. Nf3 e6 3. e3 b6 4. Bd3 Bb7 5. O-O Be7 6. Nbd2 c5 7. c3 d5 8. Qe2
O-O 9. e4 dxe4 10. Nxe4 Nxe4 11. Bxe4 Bxe4 12. Qxe4 Nd7 13. Rd1 Nf6 14. Qe2 Qc7
15. Bg5 Rfd8 16. Rd2 cxd4 17. Nxd4 Rd5 18. Bh4 Rad8 19. Rad1 Qf4 20. g3 Qc7 21.
Nb5 Rxd2 22. Rxd2 Rxd2 23. Qxd2 Qb7 24. Bxf6 Bxf6 25. Qd6 Be7 26. Qc7 Qxc7 27.
Nxc7 Kf8 28. Kf1 Bd8 29. Nb5 a6 30. Nd4 Ke8 31. Nc6 Bc7 32. Ke2 Kd7 33. Nb4 a5
34. Nc2 f5 35. Kd3 e5 36. a4 h5 37. Kc4 Ke6 38. Ne3 g5 39. b4 f4 40. Nf1 Kf5
41. Kd5 axb4 42. cxb4 e4 43. h3 e3 44. gxf4 e2 45. Ng3+ Kxf4 46. Nxe2+ Kf3 47.
Nd4+ Kxf2 48. Ne6 g4 49. hxg4 h4 50. Nxc7 h3 51. Kc6 h2 52. Kxb6 h1=Q 53. a5
Qh6+ 54. Kb7 Qd2 55. a6 Qxb4+ 56. Kc8 Qxg4+ 57. Kb7 Qb4+ 58. Kc8 Qb6 59. Kd7
Kf3 60. Kc8 Ke4 61. Kd7 Ke5 1-0

[Event "AUT9798"]
[Site "Graz"]
[Date "1998.01.24"]
[Round "7"]
[White "Mohr, S."]
[Black "Roth, P."]
[Result "1/2-1/2"]
[WhiteElo "2400"]
[BlackElo "2285"]
[PlyCount "37"]
[EventDate "1997.10.11"]

1. d4 Nf6 2. c4 c5 3. d5 e5 4. Nc3 d6 5. e4 Be7 6. Bd3 Nbd7 7. Nge2 Nf8 8. f3
Ng6 9. Be3 O-O 10. Qd2 Nh5 11. g3 a6 12. O-O Bd7 13. a4 Rb8 14. a5 b5 15. axb6
Rxb6 16. Rf2 Qb8 17. Nd1 Qb7 18. Nec3 Rb8 19. Ra2 1/2-1/2

[Event "AUT9798"]
[Site "Graz"]
[Date "1998.01.24"]
[Round "7"]
[White "Topakian, R."]
[Black "Tscholowitsch, C."]
[Result "1-0"]
[WhiteElo "2340"]
[BlackElo "2215"]
[PlyCount "89"]
[EventDate "1997.10.11"]

1. e4 c5 2. Nf3 e6 3. g3 a6 4. Bg2 Qc7 5. O-O Be7 6. c3 d6 7. d4 Nf6 8. Re1 e5
9. dxe5 dxe5 10. a4 Nc6 11. Na3 O-O 12. Bg5 Be6 13. Nd2 Rfd8 14. Qe2 Na5 15.
Nac4 h6 16. Bxf6 Bxf6 17. Nxa5 Qxa5 18. Nf1 c4 19. Ne3 Qc5 20. a5 Rd6 21. Ra4
Bd8 22. Rea1 b5 23. axb6 Rxb6 24. Nd5 Rb7 25. Rxa6 Rxa6 26. Rxa6 Qb5 27. Ra8
Rb8 28. Rxb8 Qxb8 29. h4 g5 30. hxg5 Bxg5 31. Qxc4 Qxb2 32. Qc7 Qc1+ 33. Kh2
Qd1 34. Qxe5 Qh5+ 35. Kg1 Qd1+ 36. Bf1 Bh3 37. Qb8+ Kg7 38. Qb5 f5 39. Qd3 Qe1
40. exf5 Bxf1 41. Qxf1 Qe4 42. Qd1 Qxf5 43. Qd4+ Kh7 44. Kg2 h5 45. c4 1-0

[Event "AUT9798"]
[Site "Graz"]
[Date "1998.01.24"]
[Round "7"]
[White "Klug, R."]
[Black "Gaertner, G."]
[Result "1/2-1/2"]
[WhiteElo "2165"]
[BlackElo "2340"]
[PlyCount "38"]
[EventDate "1997.10.11"]

1. e4 c5 2. Nf3 e6 3. d4 cxd4 4. Nxd4 Nf6 5. Nc3 Nc6 6. a3 d5 7. Bb5 Bd7 8.
exd5 exd5 9. O-O Be7 10. Re1 O-O 11. Bg5 a6 12. Bxc6 bxc6 13. Qd3 Re8 14. b4 a5
15. b5 cxb5 16. Ncxb5 Qb6 17. a4 Bc5 18. Rab1 Rab8 19. c3 Bxd4 1/2-1/2

[Event "AUT9798"]
[Site "Graz"]
[Date "1998.01.25"]
[Round "8"]
[White "Wells, P."]
[Black "Moser, G."]
[Result "1-0"]
[WhiteElo "2530"]
[BlackElo "2355"]
[PlyCount "61"]
[EventDate "1997.10.11"]

1. d4 f5 2. Bg5 g6 3. Nc3 Bg7 4. e4 fxe4 5. Nxe4 Nf6 6. Nxf6+ exf6 7. Bf4 Nc6
8. d5 Qe7+ 9. Be2 Ne5 10. Qd2 Nc4 11. d6 Qe4 12. f3 Nxd2 13. fxe4 Nxe4 14. dxc7
Nc5 15. O-O-O Ne6 16. Nh3 O-O 17. Bc4 g5 18. Bd6 Rf7 19. Be2 Bf8 20. Bh5 Rg7
21. Rhf1 Bxd6 22. Rxd6 Kf8 23. Rd5 Ke7 24. Rdf5 g4 25. Nf4 Nxf4 26. R1xf4 d5
27. Rxd5 Be6 28. Re4 Rc8 29. Rd8 Rg8 30. Rxc8 Rxc8 31. Bxg4 1-0